000 00535nam a22001817a 4500
003 OSt
008 260627b |||||||| |||| 00| 0 eng d
020 _a9783031666186
082 _a519.5
_bP58I
100 _aPicci, Giorgio
245 _aAn introduction to statistical data science: theory and models/ Giorgio Picci
260 _aSwitzerland :
_bSpringer,
_c2024
300 _axi, 432 p.
650 _aNatural sciences & mathematics
650 _aMathematics
650 _aProbabilities & applied mathematics
942 _2ddc
_cBK
999 _c52380
_d52380